Регионална библиотека "Любен Каравелов" - Русе

Завръщане в "Зелената котка" (Запис номер 448980)

MARC детайли
000 -Лидер
Контролно поле с фиксирана дължина 01128nam a2200277 a 4500
003 - Код на организацията, давaща контролен номер
Контролно поле BLK
005 - Дата и час на последна редакция
Контролно поле 20250717094750.0
008 - Елементи от данни с фиксирана дължина
fixed length control field 210804b bul|||||r ||||||| ||bul||
020 ## - Международен стандартен номер на книга ISBN
Международен стандартен номер на книга ISBN 9786197392869
040 ## - Източник на каталожния запис
Идентификатор на билиотеката - собственик на записа BLK
041 ## - Код за език
Код за езика на текст/звукозапис или на отделно заглавие Български
Код за езика КДБФ Български
080 ## - УДК
Текстов определител УДК Българска литература
УДК код - определител по УДК 821.163.2
УДК определител -312.9
УДК - код + определител 821.163.2-312.9
100 ## - Редна дума - Автор
Автор Майналовски, Сибин Симеонов
Авторска отговорност първи автор
R(LIN) 1299
139 ## - Редно поле
Редна дума Майналовски, Сибин Симеонов
Авторски знак Маин - М 17
245 10 - Сведения за заглавието
Заглавие Завръщане в "Зелената котка"
Подзаглавни данни Роман
Редно поле (дума) Сибин Майналовски
257 ## - Страна на издаване
Страна на създаване/издаване България
260 ## - Област на издателските данни
Място на издаване, разпространение и проч. София
Име на издателя, разпространителя и проч. ЕРГО
Година на издаване 2021
9 (RLIN) 212573
Печатница София : Дайрект сървисиз
Издателство - префикс ISBN 978-954-92279- ; 978-954-8689- ; 954-8918-
300 ## - Физическа характеристика
Страници 350 с.
Размери/Мащаб 20 см
380 ## - Жанр
Жанр Худож. лит.
490 ## - СЕРИИ (Колекции)
Име на серия Нулева зона
9 (RLIN) 436397
№: серия = ISSN C634-8688
500 ## - Общи забележки
Забележка Биогр. данни за авт. отбелязани на 3-та кор.
852 ## - Местоположение
Фондова буква Хранилище
Форматна сигнатура Цб 311648
999 ## - СИСТЕМНИ КОНТРОЛНИ НОМЕРА
Koha biblionumber 448980
Koha biblioitemnumber 448980
942 ## - АРТИКУЛИ
Вид на библиотечния материал Книги
Скрит в OPAC Не
Периодичен библиозапис Да
Koha issues (borrowed), all copies 11
944 ## - СЪЗДАВАНЕ И РЕДАКЦИЯ на ЗАПИСА
Създаване/Редакция Създаване
Дата на регистрацията/редакция 2022-03-15
Служител, извършил регистрацията/редакцията 30530
Статус, дата на статуса Минев Младен
999 ## - СИСТЕМНИ КОНТРОЛНИ НОМЕРА
Koha biblioitemnumber 448980
Наличности
Код за отписване Код за изгубен артикул Източник на класификационната схема Код за повреда Коз за рестрикции Код за отдаване Артикулен № Име на библиотеката - собственик Име на библиотеката, в която се намира в момента Статус (Текущо местоположение) Дата на вписване в системата Местоположение - отдел Цена в лева Систематично азбучна сигнатура Баркод Цена в евро Служебен тип на артикула
  Не е изгубен Universal Decimal Classification Не е повреден само за читалня ползва се в читалня 877452 Регионална библиотека "Любен Каравелов" Русе Регионална библиотека "Любен Каравелов" Русе Хранилище 2022-03-21 Хранилище 18.00 Цб 311648 120000869596 9.20 Книги
  Не е изгубен Universal Decimal Classification Не е повреден без рестрикции заемане за дома 889980 Регионална библиотека "Любен Каравелов" Русе Регионална библиотека "Любен Каравелов" Русе Заемна - подръчен фонд 2022-06-16 Заемна - подръчен фонд 14.40 821.163.2-31/М 17 С 120000872822 7.36 Книги
Vip Innovations Ltd, Rousse, Bulgaria 2025